Αρχαίες πόλεις στα Σφακιά

Αποθηκεύτηκε σε:
Λεπτομέρειες βιβλιογραφικής εγγραφής
Κύριος συγγραφέας: Κελαϊδής, Πάρις Στ., 1931-2010
Μορφή: Βιβλίο
Γλώσσα:Greek
Δημοσίευση: Αθήνα : Καράβι και Τόξο, 1982.
Θέματα:
Ετικέτες: Προσθήκη ετικέτας
Δεν υπάρχουν, Καταχωρήστε ετικέτα πρώτοι!

MARC

LEADER 00000cam a2200000 i 4500
001 1/88006
008 051024s1982 gr | ||| |||| ||gre||
035 |l 10080969 
040 |a GR-MyUa  |b gre  |e AACR2  
041 0 |a gre 
082 7 |a 938.28  
100 1 |a Κελαϊδής, Πάρις Στ.,   |d 1931-2010. 
245 1 0 |a Αρχαίες πόλεις στα Σφακιά /   |c Πάρι Στ. Κελαιδή. 
260 |a Αθήνα :   |b Καράβι και Τόξο,   |c 1982.  
300 |a 287 σ. ;   |c 21 εκ. 
650 0 |a Cities and towns, Ancient  |z Greece  |z Sphakia District. 
650 0 |a Cities and towns, Ancient  |z Greece  |z Chania (Nome) 
650 0 |a Cities and towns  |z Greece  |z Chania (Nome) 
651 0 |a Sphakia District (Greece) 
852 |a INST  |b RHODES  |c KRI  |e 20051024  |h  938.28 ΚΕΛ  |p 005400022465  |q 005400022465  |t BK  |y 0 
901 |a BIBL4-2005-3 
970 |a ΚΟΖΑ  |b ΜΑΡΙΑ  |z 2005/10/24